01229nam a2200313 i 4500001001000000003000900010005001700019007000300036008004100039020001500080040003000095082002200125100005000147245006800197264007100265300002800336336002800364337003400392338003200426490001800458590002700476650002800503650003000531910003700561942001400598952014000612952014600752999001700898000022683DO-SdBNP20240305141217.0ta101026s2005 mx r 001 0 spa d a970748022X aDO-SdBNPbspacBNPHUerda 4aM861.5bA728e2221 aArmendáriz González, Reynaeautora94663610aEstuario :bremotas estancias /cReyna Armendáriz González. aChihuahua, México :bUniversidad Autónoma de Chihuahua,c2005. a109 páginas ;c22 cm. 2rdacontent atextobtxt 2rdamedia asin mediaciónbn 2rdacarrier avolumen bnc 0 aFlor de arena aInventariado, 2023/MFF 4aPoesía mexicana99120 4aLiteratura mexicana91922 aValidado. Control de calidad MFF 2ddccLBS1 00102ddc56708GRaBNPHUbBNPHUcHDd2010-10-26l0oBNPHU GR M861.5 A728ep22683-10r2020-06-25w2020-06-25yLBS1ZPréstamo en sala 00102ddc56708GRaBNPHUbBNPHUcHDd2010-10-26l0oBNPHU GR M861.5 A728ep22683-20r2020-06-25te. 2w2020-06-25yLBS1ZPréstamo en sala c22180d22180